Электрические системы. Электрические сети: учебник для вузов

Dades bibliogràfiques
Altres autors: Веников В. А. Валентин Андреевич (редактор), Строев В. А. Владимир Андреевич
Idioma:rus
Publicat: Москва, Высшая школа, 1998
Edició:2-е изд., перераб. и доп.
Matèries:
Format: Llibre
KOHA link:https://koha.lib.tpu.ru/cgi-bin/koha/opac-detail.pl?biblionumber=8871

MARC

LEADER 00000nam0a2200000 4500
001 8871
005 20231030182128.0
010 |a 5060010317 
035 |a (RuTPU)RU\TPU\book\8921 
035 |a BOOK00008981 
090 |a 8871 
100 |a 20011209d1998 m y0rusy50 ca 
101 0 |a rus 
102 |a RU 
105 |a a j 001zy 
200 1 |a Электрические системы. Электрические сети  |e учебник для вузов  |f Под ред. В. А. Веникова, В. А. Строева 
205 |a 2-е изд., перераб. и доп. 
210 |a Москва  |c Высшая школа  |d 1998 
215 |a 511 с.  |c ил. 
320 |a Библиогр.: с. 483-495. 
320 |a Список сокращений: с. 499-500. 
320 |a Предметный указатель: с. 501-507. 
610 1 |a электрические системы 
610 1 |a электрические сети 
610 1 |a учебные пособия 
675 |a 621.311(075.8)  |v 3 
702 1 |a Веников  |b В. А.  |g Валентин Андреевич  |4 340 
702 1 |a Строев  |b В. А.  |g Владимир Андреевич  |4 340 
801 0 |a RU  |b 63413507  |c 20011209  |g PSBO 
801 2 |a RU  |b 63413507  |c 20201127  |g PSBO 
900 |a Электроэнергетические системы и сети 
900 |a Электроэнергетика 
900 |a Электрические системы и сети 
942 |c BK